[Event "CAN-ch"]
[Site "Toronto CAN"]
[Date "2006.08.19"]
[Round "2"]
[White "Fiedler, Brian"]
[Black "Masse, Hugues"]
[Result "1/2-1/2"]
[WhiteElo "2226"]
[BlackElo "2178"]
[PlyCount "106"]
[EventDate "2006.08.18"]
[EventType "swiss"]
[EventRounds "9"]
[EventCountry "CAN"]
[Source "Mark Crowther"]
[SourceDate "2006.08.21"]

1. Nf3 Nf6 2. c4 g6 3. Nc3 d5 4. cxd5 Nxd5 5. Qa4+ Bd7 6. Qb3 Nb6 7. d4 Bg7 8.
Bf4 Be6 9. Qd1 O-O 10. Rc1 Nc6 11. e3 Rc8 12. Ng5 Bd7 13. Be2 e5 14. dxe5 Nxe5
15. O-O Qe7 16. Qc2 Rfd8 17. Rfd1 Bc6 18. Rxd8+ Rxd8 19. Rd1 Rxd1+ 20. Qxd1
Nec4 21. Qb3 h6 22. Bxc4 hxg5 23. Bg3 Nxc4 24. Qxc4 Qd7 25. Qe2 Bf6 26. Qd1
Qxd1+ 27. Nxd1 Bd8 28. Nc3 Kf8 29. f3 Ke7 30. Kf2 Kd7 31. e4 b6 32. Ke3 Bb7 33.
f4 gxf4+ 34. Bxf4 a6 35. Kd3 Ke6 36. g4 c6 37. Nd1 a5 38. Ne3 Ba6+ 39. Kd2 a4
40. g5 b5 41. Nc2 Bb6 42. Ne3 Bb7 43. Ng4 c5 44. Nf6 Bd8 45. Ke3 Bxf6 46. gxf6
Kxf6 47. Bd6 c4 48. h4 Ke6 49. Bc5 Bc6 50. Bb4 Ke5 51. Bc3+ Kd6 52. a3 Bd7 53.
Bb4+ Ke6 1/2-1/2

[Event "CAN-ch"]
[Site "Toronto CAN"]
[Date "2006.08.19"]
[Round "2"]
[White "Hamilton, Robert"]
[Black "Filipovich, David"]
[Result "1-0"]
[WhiteElo "2333"]
[BlackElo "2236"]
[PlyCount "47"]
[EventDate "2006.08.18"]
[EventType "swiss"]
[EventRounds "9"]
[EventCountry "CAN"]
[Source "Mark Crowther"]
[SourceDate "2006.08.21"]

1. e4 c6 2. d4 d5 3. Nc3 dxe4 4. Nxe4 Nf6 5. Nxf6+ gxf6 6. Nf3 Bf5 7. Bd3 Bg6
8. O-O e6 9. c4 Na6 10. Be2 Nc7 11. Qb3 Rb8 12. Re1 Bg7 13. Qa3 a6 14. Bf4 Bf8
15. Qa5 Bd6 16. Bh6 b6 17. Qc3 c5 18. dxc5 bxc5 19. Bg7 Rg8 20. Bxf6 Qc8 21.
Rad1 Rb6 22. Ne5 Be4 23. Bf3 Bxf3 24. Qxf3 1-0

[Event "CAN-ch"]
[Site "Toronto CAN"]
[Date "2006.08.19"]
[Round "2"]
[White "Khassanov, Marat"]
[Black "Henry, Liam"]
[Result "1/2-1/2"]
[WhiteElo "2314"]
[BlackElo "2090"]
[PlyCount "47"]
[EventDate "2006.08.18"]
[EventType "swiss"]
[EventRounds "9"]
[EventCountry "CAN"]
[Source "Mark Crowther"]
[SourceDate "2006.08.21"]

1. e4 c5 2. f4 d5 3. d3 dxe4 4. dxe4 Qxd1+ 5. Kxd1 Nc6 6. Be3 e6 7. Nd2 Nf6 8.
Ngf3 Be7 9. c3 O-O 10. Kc2 b6 11. Re1 Bb7 12. Kb1 Rfd8 13. Bf2 Nh5 14. g3 Nf6
15. Bb5 a6 16. Ba4 b5 17. Bc2 e5 18. Nb3 Nd7 19. Nxe5 Ndxe5 20. fxe5 c4 21. Nd4
Nxe5 22. Rhf1 Rac8 23. Rd1 Bc5 24. h3 1/2-1/2

[Event "CAN-ch"]
[Site "Toronto CAN"]
[Date "2006.08.19"]
[Round "2"]
[White "Lipnowski, Samuel"]
[Black "Ristovic, Nenad"]
[Result "1/2-1/2"]
[WhiteElo "2247"]
[BlackElo "2293"]
[PlyCount "74"]
[EventDate "2006.08.18"]
[EventType "swiss"]
[EventRounds "9"]
[EventCountry "CAN"]
[Source "Mark Crowther"]
[SourceDate "2006.08.21"]

1. d4 d5 2. c4 e6 3. Nf3 c6 4. Qc2 Nf6 5. Nbd2 Qa5 6. g3 dxc4 7. Qxc4 b6 8. Bg2
Ba6 9. Qb3 Nbd7 10. Qd1 Be7 11. O-O O-O 12. Nb3 Qa4 13. Bf4 Rac8 14. Re1 Rfd8
15. e4 c5 16. e5 Nd5 17. Bg5 c4 18. Bxe7 Nxe7 19. Nbd2 Qxd1 20. Raxd1 c3 21.
bxc3 Rxc3 22. Ne4 Rc2 23. Nd6 Nc8 24. Rc1 Rxa2 25. Rc7 Nxd6 26. exd6 Bb5 27. h4
Nf8 28. d5 Rxd6 29. Ng5 exd5 30. Nxf7 Rd7 31. Rxd7 Bxd7 32. Nh6+ Kh8 33. Nf7+
Kg8 34. Nh6+ Kh8 35. Bxd5 Rd2 36. Nf7+ Kg8 37. Nh6+ Kh8 1/2-1/2

[Event "CAN-ch"]
[Site "Toronto CAN"]
[Date "2006.08.19"]
[Round "2"]
[White "Milicevic, Goran"]
[Black "Tremblay, Rejean"]
[Result "1-0"]
[WhiteElo "2305"]
[BlackElo "2139"]
[PlyCount "105"]
[EventDate "2006.08.18"]
[EventType "swiss"]
[EventRounds "9"]
[EventCountry "CAN"]
[Source "Mark Crowther"]
[SourceDate "2006.08.21"]

1. e4 e6 2. d4 d5 3. Nd2 Nf6 4. e5 Nfd7 5. Bd3 c5 6. c3 Nc6 7. Ne2 Qb6 8. Nf3
cxd4 9. cxd4 f6 10. exf6 Nxf6 11. O-O Bd6 12. b3 O-O 13. Bb2 Bd7 14. Ng3 Rac8
15. Ne5 Be8 16. Rc1 Rc7 17. Bb1 Kh8 18. Kh1 a5 19. f4 g6 20. Qe2 Ne7 21. Nd3
Bf7 22. Nc5 Nf5 23. Rce1 Re7 24. Nd3 Bg8 25. Ne5 Rg7 26. Qd3 a4 27. Ne2 axb3
28. axb3 Ne4 29. g4 Nh6 30. Qh3 Bxe5 31. Bxe4 Bd6 32. Qxh6 dxe4 33. d5 e5 34.
fxe5 Qxb3 35. Bd4 Rxf1+ 36. Rxf1 Bc5 37. Bxc5 Qc2 38. Bf8 Rc7 39. Qf4 Rf7 40.
Qc1 Qxe2 41. Rxf7 Bxf7 42. Qf4 Qd1+ 43. Kg2 Qe2+ 44. Kh3 Kg8 45. e6 Be8 46. Bc5
h5 47. Qf8+ Kh7 48. Qe7+ Kg8 49. Qxe8+ Kh7 50. Qf7+ Kh6 51. Bf8+ Kg5 52. Be7+
Kh6 53. g5# 1-0

[Event "CAN-ch"]
[Site "Toronto CAN"]
[Date "2006.08.20"]
[Round "3"]
[White "Arsenault, Nicolas"]
[Black "Buscar, Michael"]
[Result "1/2-1/2"]
[WhiteElo "2113"]
[BlackElo "2127"]
[PlyCount "178"]
[EventDate "2006.08.18"]
[EventType "swiss"]
[EventRounds "9"]
[EventCountry "CAN"]
[Source "Mark Crowther"]
[SourceDate "2006.08.21"]

1. e4 c5 2. Nf3 Nc6 3. d4 cxd4 4. Nxd4 Nf6 5. Nc3 e5 6. Ndb5 d6 7. Bg5 a6 8.
Na3 b5 9. Bxf6 gxf6 10. Nd5 f5 11. c3 Bg7 12. exf5 Bxf5 13. Nc2 O-O 14. Nce3
Be6 15. Bd3 f5 16. O-O Rc8 17. a4 Ne7 18. Nxe7+ Qxe7 19. axb5 axb5 20. Bxb5 Rc5
21. Be2 f4 22. b4 Rcc8 23. Nd5 Qg5 24. Ra5 Kh8 25. Bf3 Rg8 26. Kh1 Bf8 27. Qd3
Bf5 28. Qe2 Qg6 29. Re1 Re8 30. Be4 Qg5 31. g3 Re6 32. Bxf5 Qxf5 33. Nxf4 Rh6
34. Qf1 Rg5 35. Re3 Qg4 36. Ra8 Kg7 37. Ra7+ Kh8 38. Ra8 Rf5 39. Nd5 Rfh5 40.
Kg1 Rxh2 41. Rxf8+ Kg7 42. Rg8+ Kxg8 43. Nf6+ Rxf6 44. Kxh2 Rh6+ 45. Kg1 d5 46.
Qe2 Qh3 47. Qf3 e4 48. Qg2 Qg4 49. f3 Qg5 50. f4 Qg7 51. Qd2 Rh5 52. Qa2 Qd7
53. Rxe4 Qc6 54. Re5 Rxe5 55. fxe5 Kf7 56. Qf2+ Ke8 57. Qd4 Qg6 58. Qxd5 Qxg3+
59. Kf1 Qxc3 60. Qg8+ Ke7 61. Qxh7+ Ke6 62. Qg6+ Kd5 63. Qd6+ Ke4 64. Qg6+ Kd5
65. Qf7+ Ke4 66. Qb7+ Kf5 67. Qh7+ Ke6 68. Qh6+ Kd5 69. Qh1+ Ke6 70. Qh6+ Kd5
71. Qd6+ Ke4 72. Qg6+ Kd5 73. e6 Qf3+ 74. Ke1 Qe3+ 75. Kd1 Qxe6 76. Qd3+ Kc6
77. Qa6+ Kd7 78. Qb7+ Kd8 79. Kc2 Qc8+ 80. Qxc8+ Kxc8 81. Kb2 Kb7 82. Kb3 Kb6
83. Kc4 Kc6 84. b5+ Kb6 85. Kb4 Kb7 86. Kc5 Kc7 87. b6+ Kb7 88. Kb5 Kb8 89. Kc6
Kc8 1/2-1/2

[Event "CAN-ch"]
[Site "Toronto CAN"]
[Date "2006.08.20"]
[Round "3"]
[White "Djerkovic, Miladin"]
[Black "Lipnowski, Samuel"]
[Result "0-1"]
[WhiteElo "2225"]
[BlackElo "2247"]
[PlyCount "81"]
[EventDate "2006.08.18"]
[EventType "swiss"]
[EventRounds "9"]
[EventCountry "CAN"]
[Source "Mark Crowther"]
[SourceDate "2006.08.21"]

1. Nf3 Nf6 2. c4 e6 3. Nc3 Bb4 4. Qc2 c5 5. a3 Ba5 6. e3 Nc6 7. d4 d6 8. Be2
O-O 9. O-O e5 10. dxc5 dxc5 11. Rd1 Bd7 12. Nd5 Ne8 13. b4 cxb4 14. axb4 Nxb4
15. Nxb4 Bxb4 16. Nxe5 Qf6 17. Rxd7 Qxe5 18. Bb2 Qb8 19. Bf3 Nd6 20. Bxg7 Rd8
21. Rxd8+ Qxd8 22. Qb2 a5 23. Bd5 Rc8 24. Bf6 Qd7 25. Qe5 Qg4 26. h3 Qg6 27.
Rd1 a4 28. e4 a3 29. Rd3 Re8 30. Qd4 b6 31. Qa1 Bc5 32. Kf1 Nxe4 33. Bxe4 Qxe4
34. Rg3+ Kf8 35. Bg7+ Ke7 36. Rg4 Qd3+ 37. Kg1 Kd7 38. Bd4 Qd2 39. Bc3 Qxf2+
40. Kh1 a2 41. Rg5 0-1

[Event "CAN-ch"]
[Site "Toronto CAN"]
[Date "2006.08.20"]
[Round "3"]
[White "Filipovich, David"]
[Black "Saint Amand, Paul"]
[Result "1/2-1/2"]
[WhiteElo "2236"]
[BlackElo "2126"]
[PlyCount "47"]
[EventDate "2006.08.18"]
[EventType "swiss"]
[EventRounds "9"]
[EventCountry "CAN"]
[Source "Mark Crowther"]
[SourceDate "2006.08.21"]

1. Nf3 Nf6 2. g3 e6 3. Bg2 c5 4. O-O d5 5. c4 Nc6 6. d4 Be7 7. cxd5 Nxd5 8. Nc3
O-O 9. e4 Nxc3 10. bxc3 b6 11. d5 exd5 12. exd5 Na5 13. Ne5 Ba6 14. Re1 Bd6 15.
Bf4 Qc7 16. Nd3 Bxf4 17. Nxf4 Rad8 18. Qg4 Rd6 19. h4 b5 20. Rad1 Nc4 21. Re2
Bc8 22. Qh5 Nb6 23. Rde1 Bd7 24. Qg5 1/2-1/2

[Event "CAN-ch"]
[Site "Toronto CAN"]
[Date "2006.08.20"]
[Round "3"]
[White "Henry, Liam"]
[Black "Fiedler, Brian"]
[Result "1/2-1/2"]
[WhiteElo "2090"]
[BlackElo "2226"]
[PlyCount "78"]
[EventDate "2006.08.18"]
[EventType "swiss"]
[EventRounds "9"]
[EventCountry "CAN"]
[Source "Mark Crowther"]
[SourceDate "2006.08.21"]

1. e4 c5 2. Nf3 d6 3. d4 cxd4 4. Nxd4 Nf6 5. Nc3 a6 6. Bc4 e6 7. Bb3 b5 8. f4
b4 9. Na4 Bb7 10. O-O Bxe4 11. f5 e5 12. Nf3 Nbd7 13. Ng5 d5 14. Nxe4 dxe4 15.
Be3 h5 16. Kh1 Be7 17. Qe2 Qa5 18. Rad1 Rc8 19. c3 O-O 20. Bd2 Qb5 21. Qe1 a5
22. Bc2 Qb7 23. Qe2 Rfd8 24. Rde1 Nc5 25. Nxc5 Rxc5 26. Bg5 bxc3 27. Bxf6 Bxf6
28. bxc3 Rxc3 29. Bxe4 Qb4 30. Qxh5 Rc4 31. Qf3 Rdd4 32. Bb1 e4 33. Qe2 a4 34.
Rd1 a3 35. Rxd4 Rxd4 36. Re1 Rd2 37. Qf1 Rd4 38. Qe2 Rd2 39. Qf1 Rd4 1/2-1/2

[Event "CAN-ch"]
[Site "Toronto CAN"]
[Date "2006.08.20"]
[Round "3"]
[White "Kaminski, Victor"]
[Black "Bailey, Doug"]
[Result "1-0"]
[WhiteElo "2129"]
[BlackElo "2308"]
[PlyCount "77"]
[EventDate "2006.08.18"]
[EventType "swiss"]
[EventRounds "9"]
[EventCountry "CAN"]
[Source "Mark Crowther"]
[SourceDate "2006.08.21"]

1. e4 c5 2. Nf3 d6 3. d4 cxd4 4. Nxd4 Nf6 5. Nc3 g6 6. Be3 Bg7 7. f3 O-O 8. Qd2
Nc6 9. O-O-O Nxd4 10. Bxd4 Qa5 11. g4 Be6 12. a3 Rfb8 13. h4 b5 14. Nd5 Qxd2+
15. Rxd2 Bxd5 16. Bxf6 Bxf6 17. Rxd5 a6 18. f4 Rc8 19. g5 Bg7 20. Be2 h5 21.
Rh3 Ra7 22. a4 Rac7 23. c3 b4 24. Bxa6 Ra8 25. Bb5 bxc3 26. b4 f6 27. Kc2 Rf8
28. Rf3 Kh7 29. Rf1 f5 30. exf5 Rxf5 31. Rxf5 gxf5 32. Rd1 Rb7 33. Rd5 Kh8 34.
a5 Kg8 35. a6 Rc7 36. Be2 e6 37. Rxd6 Bf8 38. Rd8 Kg7 39. Rxf8 1-0

[Event "CAN-ch"]
[Site "Toronto CAN"]
[Date "2006.08.20"]
[Round "3"]
[White "Kret, Ted"]
[Black "Siddeley, Hugh"]
[Result "1-0"]
[WhiteElo "2138"]
[BlackElo "2010"]
[PlyCount "82"]
[EventDate "2006.08.18"]
[EventType "swiss"]
[EventRounds "9"]
[EventCountry "CAN"]
[Source "Mark Crowther"]
[SourceDate "2006.08.21"]

1. d4 Nf6 2. c4 c5 3. Nf3 cxd4 4. Nxd4 e5 5. Nb5 Bc5 6. Nd6+ Ke7 7. Nf5+ Kf8 8.
Be3 Bb4+ 9. Bd2 Qb6 10. Nc3 d5 11. Ne3 Bxc3 12. bxc3 Be6 13. cxd5 Nxd5 14. Nxd5
Bxd5 15. Rb1 Qe6 16. c4 Bc6 17. Bb4+ Ke8 18. e3 Na6 19. Ba3 Rd8 20. Qc2 Rd7 21.
Bd3 e4 22. Be2 Kd8 23. O-O Kc8 24. Qc3 f5 25. Qa5 g5 26. Bb2 Rg8 27. Bd4 f4 28.
Rfc1 f3 29. Bf1 Rxd4 30. exd4 e3 31. d5 Qg4 32. dxc6 e2 33. cxb7+ Kb8 34. Qe5+
Nc7 35. Qg3 Qe6 36. Qxf3 exf1=R+ 37. Kxf1 g4 38. Qg3 h5 39. c5 h4 40. Qd6 Qf7
41. Rd1 a6 1-0

[Event "CAN-ch"]
[Site "Toronto CAN"]
[Date "2006.08.20"]
[Round "3"]
[White "Peng, David"]
[Black "Khassanov, Marat"]
[Result "1/2-1/2"]
[WhiteElo "2170"]
[BlackElo "2314"]
[PlyCount "150"]
[EventDate "2006.08.18"]
[EventType "swiss"]
[EventRounds "9"]
[EventCountry "CAN"]
[Source "Mark Crowther"]
[SourceDate "2006.08.21"]

1. e4 e5 2. Nf3 Nc6 3. Bc4 d6 4. c3 g6 5. d4 Qe7 6. O-O Bg7 7. Ng5 Nh6 8. f4
exd4 9. cxd4 Bg4 10. Qd3 Nxd4 11. Nc3 O-O 12. Be3 c5 13. Rae1 Bd7 14. f5 gxf5
15. Bf4 b5 16. Bd5 Ne6 17. Nxe6 fxe6 18. Bxa8 Rxa8 19. exf5 c4 20. Qh3 Nxf5 21.
Qxf5 d5 22. Qg5 Qxg5 23. Bxg5 b4 24. Nd1 c3 25. bxc3 bxc3 26. Bf6 Bxf6 27. Rxf6
Rc8 28. Nf2 d4 29. Rf3 Bb5 30. Nd3 Bxd3 31. Rxd3 e5 32. Kf2 Kf7 33. Kf3 e4+ 34.
Kxe4 Re8+ 35. Kxd4 Rxe1 36. Kxc3 Rc1+ 37. Kb3 Rb1+ 38. Ka3 Rb7 39. Rd2 Ke6 40.
Ka4 h5 41. Ka5 Rb6 42. a4 Kf5 43. Rd7 Rb2 44. Rg7 Kf6 45. Rg8 Rb6 46. h4 Rc6
47. Rg5 Rc4 48. Rxh5 Rg4 49. Rg5 Rxh4 50. Rd5 Rg4 51. Rd2 Ke6 52. Kb5 a6+ 53.
Ka5 Ke5 54. Ra2 Rg6 55. Kb4 Kd5 56. Rd2+ Kc6 57. Rc2+ Kb7 58. Ra2 Rg4+ 59. Kc5
Rg5+ 60. Kd4 Kb6 61. Ke4 Rg8 62. Kf4 Rf8+ 63. Ke5 Rg8 64. a5+ Kb5 65. Kf5 Rf8+
66. Ke6 Rg8 67. Ke7 Rg7+ 68. Kf6 Rg8 69. Kf5 Rf8+ 70. Kg4 Rg8+ 71. Kf3 Rf8+ 72.
Kg3 Rg8+ 73. Kf2 Rf8+ 74. Ke1 Rg8 75. Kf1 Kb4 1/2-1/2

[Event "CAN-ch"]
[Site "Toronto CAN"]
[Date "2006.08.20"]
[Round "3"]
[White "Southam, David"]
[Black "Findlay, Ian"]
[Result "1-0"]
[WhiteElo "2099"]
[BlackElo "2325"]
[PlyCount "105"]
[EventDate "2006.08.18"]
[EventType "swiss"]
[EventRounds "9"]
[EventCountry "CAN"]
[Source "Mark Crowther"]
[SourceDate "2006.08.21"]

1. d4 Nf6 2. c4 c5 3. d5 e6 4. Nc3 exd5 5. cxd5 d6 6. e4 g6 7. h3 Bg7 8. Nf3
O-O 9. Bd3 Bd7 10. Bf4 Re8 11. O-O b5 12. Re1 Qb6 13. a3 Na6 14. e5 dxe5 15.
Nxe5 c4 16. Bc2 Nc5 17. Qf3 a5 18. Re2 Ra6 19. Rae1 Qb7 20. Nxd7 Qxd7 21. Rxe8+
Nxe8 22. Qe3 Ne6 23. dxe6 Rxe6 24. Qd2 Rxe1+ 25. Qxe1 b4 26. axb4 axb4 27. Ba4
Bxc3 28. Bxd7 Bxe1 29. Bxe8 c3 30. bxc3 Bxc3 31. Ba4 Kg7 32. Kf1 Kf6 33. Ke2
Kf5 34. Kf3 h5 35. Bc2+ Ke6 36. Bb3+ Kf6 37. Ke4 g5 38. Bd6 Kg6 39. Kd3 g4 40.
hxg4 hxg4 41. Bf4 Be1 42. Ke2 Bc3 43. Bd2 Bxd2 44. Kxd2 f6 45. Ke3 Kf5 46. Kd3
Kf4 47. Bd5 Ke5 48. Bb7 f5 49. Kc4 f4 50. Bc8 b3 51. Kxb3 f3 52. g3 Ke4 53.
Bxg4 1-0

[Event "CAN-ch"]
[Site "Toronto CAN"]
[Date "2006.08.20"]
[Round "3"]
[White "Urquhart, Eddie"]
[Black "Anastasovski, Nikola"]
[Result "1-0"]
[WhiteElo "2212"]
[BlackElo "2016"]
[PlyCount "105"]
[EventDate "2006.08.18"]
[EventType "swiss"]
[EventRounds "9"]
[EventCountry "CAN"]
[Source "Mark Crowther"]
[SourceDate "2006.08.21"]

1. e4 e5 2. Nf3 Nc6 3. Bc4 Nf6 4. d3 Bc5 5. c3 d6 6. O-O Bb6 7. Bb3 Bg4 8. Nbd2
O-O 9. h3 Bh5 10. Re1 Qd7 11. Nf1 Rae8 12. Ng3 Bg6 13. Bg5 Nh5 14. Nf1 Kh8 15.
Nh4 h6 16. Be3 Nf6 17. Bxb6 axb6 18. Ne3 Ne7 19. Qf3 c6 20. Rad1 Nh7 21. Qg4
Qxg4 22. hxg4 Ng5 23. Nhf5 Nc8 24. f3 Rd8 25. Rd2 f6 26. d4 Bf7 27. Red1 Bxb3
28. axb3 Nf7 29. dxe5 dxe5 30. Rd7 Ncd6 31. R7xd6 Nxd6 32. Nxd6 Rd7 33. Kf2 Kg8
34. Ke2 Rfd8 35. Ndc4 Rxd1 36. Nxd1 b5 37. Na5 Rd7 38. b4 Rc7 39. Nb3 b6 40.
Ne3 g6 41. Nc1 Ra7 42. Kd2 Kf7 43. b3 Ke6 44. Kc2 Rh7 45. Nd3 h5 46. gxh5 Rxh5
47. c4 f5 48. c5 bxc5 49. bxc5 Rh2 50. Kc3 Rh8 51. Nb4 Rc8 52. Na6 Kf6 53. Nb4
1-0

[Event "CAN-ch"]
[Site "Toronto CAN"]
[Date "2006.08.21"]
[Round "4"]
[White "Arsenault, Nicolas"]
[Black "Filipovich, David"]
[Result "1/2-1/2"]
[WhiteElo "2113"]
[BlackElo "2236"]
[PlyCount "122"]
[EventDate "2006.08.18"]
[EventType "swiss"]
[EventRounds "9"]
[EventCountry "CAN"]
[Source "Mark Crowther"]
[SourceDate "2006.08.28"]

1. e4 d5 2. exd5 Nf6 3. d4 Bg4 4. Nf3 Qxd5 5. Be2 Nc6 6. h3 Bh5 7. Nc3 Qd6 8.
g4 Bg6 9. Be3 e6 10. Qd2 Ne4 11. Nxe4 Bxe4 12. a3 O-O-O 13. Rd1 Be7 14. Rg1 e5
15. dxe5 Nxe5 16. Qxd6 Bxd6 17. Nxe5 Bxe5 18. Rxd8+ Rxd8 19. c3 Bh2 20. Rf1 Bg2
21. h4 Re8 22. Kd2 Bxf1 23. Bxf1 Bd6 24. Bc4 Re7 25. Bd3 h6 26. Bf5+ Kb8 27.
Kd3 c5 28. b4 b6 29. h5 Kc7 30. Bd2 Re5 31. f3 cxb4 32. cxb4 Rd5+ 33. Kc2 Be5
34. Be4 Rd4 35. Bd3 f6 36. Be3 Rd6 37. Be4 a5 38. b5 Kd8 39. a4 Bd4 40. Bf4 Rd7
41. Bf5 Re7 42. Be4 Be5 43. Be3 Kc7 44. Bd2 Kb8 45. Bf5 Rc7+ 46. Kd3 Rc5 47.
Be4 Kc7 48. Ba8 Ba1 49. Be4 Bb2 50. Bf4+ Be5 51. Bd2 Kd6 52. Bb7 Rc7 53. Be4
Rc8 54. Bf5 Rb8 55. Be3 Rb7 56. Be4 Rb8 57. Bf5 Bg3 58. Bd4 Bh2 59. Be4 Be5 60.
Be3 Kc7 61. Bc6 Rd8+ 1/2-1/2

[Event "CAN-ch"]
[Site "Toronto CAN"]
[Date "2006.08.21"]
[Round "4"]
[White "Bailey, Doug"]
[Black "Saint Amand, Paul"]
[Result "0-1"]
[WhiteElo "2308"]
[BlackElo "2126"]
[PlyCount "130"]
[EventDate "2006.08.18"]
[EventType "swiss"]
[EventRounds "9"]
[EventCountry "CAN"]
[Source "Mark Crowther"]
[SourceDate "2006.08.28"]

1. d4 Nf6 2. Nf3 e6 3. Bf4 c5 4. e3 b6 5. Nbd2 Bb7 6. h3 Be7 7. c3 O-O 8. Bd3
cxd4 9. exd4 d6 10. O-O Nbd7 11. Re1 Re8 12. Qc2 Qc7 13. Ng5 Nf8 14. Re3 h6 15.
Ndf3 hxg5 16. Nxg5 Bd8 17. Rae1 Re7 18. c4 Rc8 19. b4 Qb8 20. Qe2 Bc7 21. d5
Rce8 22. Bg3 b5 23. Ne4 Nxe4 24. Rxe4 e5 25. Rh4 g6 26. c5 Bxd5 27. Bxb5 Rd8
28. Rh6 Kg7 29. Bh4 f6 30. Bc4 dxc5 31. Bxd5 Rxd5 32. Qf3 Rd6 33. bxc5 Rde6 34.
Qe3 Qd8 35. Bg3 Qd4 36. Qc1 Ba5 37. Rh4 Qd2 38. Rd1 Qxc1 39. Rxc1 f5 40. Ra4
Bd2 41. Rc2 Bg5 42. h4 Bf6 43. f3 Rc6 44. Bf2 Ne6 45. g4 Rec7 46. Rac4 Nd4 47.
Rb2 Nxf3+ 48. Kg2 Nxh4+ 49. Bxh4 Bxh4 50. gxf5 Bf6 51. fxg6 Kxg6 52. Rbc2 Kf5
53. Kf3 Be7 54. Rf2 Rxc5 55. Ra4 Rc3+ 56. Kg2+ Ke6 57. Rf1 Rc2+ 58. Kg3 R7c3+
59. Rf3 Rxf3+ 60. Kxf3 Bc5 61. Ke4 Re2+ 62. Kd3 Re3+ 63. Kd2 Ra3 64. Rg4 Rxa2+
65. Kd3 Ra3+ 0-1

[Event "CAN-ch"]
[Site "Toronto CAN"]
[Date "2006.08.21"]
[Round "4"]
[White "Chung, Kevin"]
[Black "Djerkovic, Miladin"]
[Result "1-0"]
[WhiteElo "2047"]
[BlackElo "2225"]
[PlyCount "49"]
[EventDate "2006.08.18"]
[EventType "swiss"]
[EventRounds "9"]
[EventCountry "CAN"]
[Source "Mark Crowther"]
[SourceDate "2006.08.28"]

1. e4 e5 2. Nf3 Nc6 3. d4 exd4 4. Nxd4 Bc5 5. Be3 Qf6 6. c3 Nge7 7. Bc4 b6 8.
O-O Bb7 9. Nxc6 Bxc6 10. Bxc5 bxc5 11. Nd2 O-O 12. f4 d6 13. Qc2 Ng6 14. g3
Rae8 15. Rae1 Re7 16. e5 dxe5 17. fxe5 Qg5 18. Rf5 Qg4 19. e6 fxe6 20. Rxe6
Rxf5 21. Re4+ Kh8 22. Rxg4 Re1+ 23. Nf1 Rf8 24. Rxg6 Be4 25. Qd2 1-0

[Event "CAN-ch"]
[Site "Toronto CAN"]
[Date "2006.08.21"]
[Round "4"]
[White "Divljan, Igor"]
[Black "Belc, Daniela"]
[Result "1-0"]
[WhiteElo "2319"]
[BlackElo "2064"]
[PlyCount "49"]
[EventDate "2006.08.18"]
[EventType "swiss"]
[EventRounds "9"]
[EventCountry "CAN"]
[Source "Mark Crowther"]
[SourceDate "2006.08.28"]

1. d4 d5 2. c4 c6 3. Nf3 e6 4. Nc3 dxc4 5. Bg5 Qc7 6. e4 b5 7. a4 Bb4 8. Be2
Bb7 9. O-O a6 10. e5 Bxc3 11. bxc3 Nd7 12. Nd2 f6 13. exf6 gxf6 14. Bh5+ Ke7
15. Bh4 Nh6 16. Bg3 Qb6 17. Rb1 Qa7 18. Re1 Nf5 19. Qg4 Nxg3 20. Rxe6+ Kd8 21.
hxg3 Qb8 22. Qg7 Kc7 23. Re7 Qd8 24. Ne4 Rg8 25. Qf7 1-0

[Event "CAN-ch"]
[Site "Toronto CAN"]
[Date "2006.08.21"]
[Round "4"]
[White "Fiedler, Brian"]
[Black "Ademi, Sami"]
[Result "0-1"]
[WhiteElo "2226"]
[BlackElo "2249"]
[PlyCount "106"]
[EventDate "2006.08.18"]
[EventType "swiss"]
[EventRounds "9"]
[EventCountry "CAN"]
[Source "Mark Crowther"]
[SourceDate "2006.08.28"]

1. e4 c5 2. Nf3 d6 3. b4 cxb4 4. a3 Nf6 5. Bd3 Nc6 6. O-O a6 7. Re1 Bg4 8. Bb2
e5 9. axb4 Nxb4 10. Bc4 Rc8 11. Bb3 Bxf3 12. Qxf3 Be7 13. Nc3 O-O 14. g4 g6 15.
Nd1 Qb6 16. h3 Nc6 17. Ne3 Nd4 18. Bxd4 exd4 19. Nc4 Qc6 20. Qf4 Nd7 21. e5
dxe5 22. Nxe5 Nxe5 23. Qxe5 Bf6 24. Qf4 Bd8 25. Re4 Bc7 26. Qf3 Rce8 27. Rae1
Rxe4 28. Rxe4 Qd6 29. Re8 Qf4 30. Rxf8+ Kxf8 31. Kg2 Qxf3+ 32. Kxf3 b5 33. Ke4
a5 34. f3 Bb6 35. d3 Ke7 36. f4 f6 37. f5 Kd6 38. fxg6 hxg6 39. h4 Bd8 40. h5
f5+ 41. Kf4 fxg4 42. hxg6 Bf6 43. Kxg4 Kc5 44. Kf5 Bh8 45. Ke6 a4 46. Ba2 Kb4
47. Kd5 Kc3 48. Kc5 b4 49. Kb5 b3 50. cxb3 axb3 51. Bb1 Kb2 52. Kc4 Kxb1 53.
Kxb3 Kc1 0-1

[Event "CAN-ch"]
[Site "Toronto CAN"]
[Date "2006.08.21"]
[Round "4"]
[White "Gardner, Robert"]
[Black "Reeve, Jeff"]
[Result "1/2-1/2"]
[WhiteElo "2217"]
[BlackElo "2252"]
[PlyCount "114"]
[EventDate "2006.08.18"]
[EventType "swiss"]
[EventRounds "9"]
[EventCountry "CAN"]
[Source "Mark Crowther"]
[SourceDate "2006.08.28"]

1. f4 c5 2. Nf3 Nc6 3. e4 g6 4. Be2 Bg7 5. O-O d6 6. c3 e5 7. d3 Nge7 8. Be3
exf4 9. Bxf4 O-O 10. Na3 Ne5 11. Qd2 Nxf3+ 12. Rxf3 Bg4 13. Rg3 Bxe2 14. Qxe2
d5 15. e5 d4 16. c4 Qd7 17. Nb5 Nf5 18. Rh3 a6 19. e6 Qe7 20. Nc7 Rac8 21.
exf7+ Rxf7 22. Qxe7 Rxe7 23. Nd5 Re2 24. Kf1 Rxb2 25. g4 Ne3+ 26. Bxe3 dxe3 27.
Ne7+ Kf8 28. Nxc8 Rf2+ 29. Kg1 Bxa1 30. Rxe3 Rf4 31. Re4 Bd4+ 32. Kg2 Rf2+ 33.
Kg3 Rd2 34. Nd6 Rxd3+ 35. Kf4 Bg1 36. Nxb7 h6 37. Re2 Rd4+ 38. Ke5 Rxg4 39. Nd6
h5 40. Ke6 h4 41. Rb2 Bd4 42. Rb8+ Kg7 43. Rb7+ Kh6 44. h3 Rg3 45. Rb3 Rg2 46.
Ra3 Re2+ 47. Kd5 Kh5 48. Ne4 g5 49. Nxc5 Bxc5 50. Kxc5 g4 51. hxg4+ Kxg4 52.
Rxa6 h3 53. Rg6+ Kh5 54. Rg1 h2 55. Rh1 Rxa2 56. Kd6 Kg5 57. c5 Kf4 1/2-1/2

[Event "CAN-ch"]
[Site "Toronto CAN"]
[Date "2006.08.21"]
[Round "4"]
[White "Khassanov, Marat"]
[Black "Haessel, Dale"]
[Result "1-0"]
[WhiteElo "2314"]
[BlackElo "2195"]
[PlyCount "59"]
[EventDate "2006.08.18"]
[EventType "swiss"]
[EventRounds "9"]
[EventCountry "CAN"]
[Source "Mark Crowther"]
[SourceDate "2006.08.28"]

1. e4 c5 2. Nf3 d6 3. d4 cxd4 4. Nxd4 Nf6 5. Nc3 a6 6. Be2 e5 7. Nb3 Be7 8. O-O
O-O 9. Kh1 Bd7 10. f3 Bc6 11. Bc4 Nbd7 12. a4 Qc7 13. Be3 Bxe4 14. Bxf7+ Rxf7
15. fxe4 Qc4 16. Nd2 Qc6 17. Bg1 Rc8 18. a5 d5 19. Ra4 Rff8 20. exd5 Nxd5 21.
Rc4 Nxc3 22. Rxf8+ Rxf8 23. Rxc3 Qb5 24. Rc7 Qd5 25. Qg4 Rd8 26. Ne4 h5 27. Qg6
Rf8 28. c4 Qd1 29. Qe6+ Kh8 30. Rxd7 1-0

[Event "CAN-ch"]
[Site "Toronto CAN"]
[Date "2006.08.21"]
[Round "4"]
[White "Milicevic, Goran"]
[Black "Kaminski, Victor"]
[Result "1-0"]
[WhiteElo "2305"]
[BlackElo "2129"]
[PlyCount "55"]
[EventDate "2006.08.18"]
[EventType "swiss"]
[EventRounds "9"]
[EventCountry "CAN"]
[Source "Mark Crowther"]
[SourceDate "2006.08.28"]

1. d4 f5 2. h3 Nf6 3. g4 fxg4 4. hxg4 Nxg4 5. e4 d6 6. Nc3 c6 7. Be2 Nf6 8. f4
g6 9. Nh3 Bg7 10. Be3 d5 11. e5 Nfd7 12. Ng5 Nf8 13. Bd3 h6 14. Nf3 Bf5 15.
Bxf5 gxf5 16. Rg1 Rh7 17. Qd3 e6 18. O-O-O Nbd7 19. Bf2 b5 20. Bh4 Qa5 21. Nd2
Qc7 22. Rg2 Nb6 23. Rdg1 Qf7 24. Nb3 a5 25. Nc5 Bh8 26. Nxb5 cxb5 27. Qxb5+
Nbd7 28. Nb7 1-0